00981nam a22001937a 4500003000900000008004100009040007100050082001800121100002700139245003900166260003500205300002000240440005700260505035900317650002400676650003200700650002700732650002800759AR-CdUCM190403b ||||| |||| 00| 0 spa d aMUNICIPALIDAD PROVINCIAL DEL CUSCOcBIBLIOTECA MUNICIPAL DEL CUSCO a343.6 /bG73  aGoodnow, Francisco J . aDerecho administrativo comparado / aMadrid :bLa España moderna. aTomos ;c22 cm. aBiblioteca de jurisprudencia, filosofía e historia aContenido : t.1 : La división de poderes -- Administración central -- Administración local. t.2 : Funciones y funcionarios -- Origen de la relación oficial -- Condiciones exigidas para el desempeño de las funciones publicas -- Derechos de los funcionarios -- Termino de la relación oficial -- Método y forma de la acción administrativa... aMedios de ejecucion aDeberes con sanción penal aFuncionarios electivos aSistema de nombramiento